| 000 | 00393nam a22001697a 4500 | ||
|---|---|---|---|
| 005 | 20180630161921.0 | ||
| 008 | 160611b xxu||||| |||| 00| 0 eng d | ||
| 020 | _a0-07-462084-3 | ||
| 041 | _aeng | ||
| 082 |
_b6771 _a658 |
||
| 100 |
_aBASU, C R. _91675 |
||
| 245 | _aBusiness Organisation and Mgt | ||
| 260 |
_aNew Delhi _bTMH |
||
| 300 | _a475 | ||
| 650 |
_aManagement _9241 |
||
| 942 | _cBK | ||
| 999 |
_c2360 _d2359 |
||